UK Territories Quiz Stats

 Plays Quiz Updated Feb 17, 2019

     
Support Sporcle.
Go Orange.
Score 0/16 Timer 05:00
0 Plays Today
Territory % Correct
Falkland Islands
74.8%
Gibraltar
57.8%
British Virgin Islands
56.2%
Bermuda
51.2%
Jersey
50.2%
Isle of Man
48.5%
Guernsey
46.3%
Saint Helena
29.5%
Territory % Correct
Cayman Islands
29.5%
Akrotiri & Dhekelia (Cyprus)
26.6%
Pitcairn Islands
22.7%
Anguilla
21.2%
Turks and Caicos Islands
21%
Montserrat
20.9%
British Indian Ocean Territory
18%
South Georgia and the South Sandwich Islands
14.1%

From the Vault

'W' Books by Cover

by livicj5

These covers would make a great patchwork quilt.
Remove Ads.
Support Sporcle.
Get the best of Sporcle when you Go Orange. This ad-free experience offers more features, more stats, and more fun while also helping to support Sporcle. Thank you for becoming a member.

Show Comments

Extras

Top Quizzes Today


Score Distribution

Your Account Isn't Verified!

In order to create a playlist on Sporcle, you need to verify the email address you used during registration. Go to your Sporcle Settings to finish the process.

Report this User

Report this user for behavior that violates our Community Guidelines.

Details: